| 000 | 00759nam a2200253 a 4500 | ||
|---|---|---|---|
| 001 | 000013979 | ||
| 003 | DO-SdBNP | ||
| 005 | 20230707114448.0 | ||
| 008 | 091202s2002 dr 000 f spa d | ||
| 020 | _a9993455245 | ||
| 040 |
_aDO-SdBNP _bspa _cBPMSU |
||
| 082 | 4 |
_aRD863.44 _bU42p 2002 _222 |
|
| 100 | 1 |
_aUlloa, Alberto _d1950-2011 |
|
| 100 | z | _aU., Alberto | |
| 245 | 1 | 0 |
_aPasiones y muertes de Pedro Tormenta / _cAlberto Ulloa. |
| 260 |
_aSanto Domingo : _bCorripio, _c2002. |
||
| 300 |
_a163 p. ; _c23 cm. |
||
| 500 | _aIncluye datos biográficos del autor en la contracubierta | ||
| 590 | _aInventariado, 2023/VM | ||
| 650 | 4 | _aNovela dominicana | |
| 650 | 0 | _aLiteratura dominicana. | |
| 910 | _aVMateo V. Control de calidad (BPMSU) | ||
| 942 |
_2ddc _cBK |
||
| 999 |
_c14408 _d14408 |
||